000 00604nam a2200241 a 4500
001 nice12345678
003 IN_TiNIC
005 20260116012210.0
008 050524s1953 luca grp 000 0 urd
020 _a
_c1.5
082 0 0 _a492.75
_bNAD
100 _aNadvi, Mohammad Mustafa
245 _aTamrin-Un-Nahu
_b Arabic Grammar
260 _aLucknow
_bNadwatul Ulema
_c1953
300 _a136p
500 _aincludes index and biblioraphy
505 2 _a3 Part Bound in One
650 _aArabic-Grammar
700 1 _aNadvi, Mohammad Mustafa
902 _bSRS
942 _cBK
999 _c6039
_d6039